=LDR 00000nam 2200000 4500 =001 INLIS000000000025271 =005 20130612123808 =008 ***********************************Ind** =035 ##$$0010-061300000025271 =041 ##$$a Ind =082 ##$$a From d =090 ##$$a From d, Saw n =100 ##$$a Savitry, Astrid diana =245 ##$$a Hantu di bulan puasa, Astrid Diana Savitry =260 ##$$a 1999 $b Jakarta =300 ##$$a 29 hlm6bilus, 21 cm =650 ##$$a Fiksi =850 ##$$a NBPNMAT